000 00682cam a2200217 4500500
005 20260329010014.0
041 _afre
042 _adc
100 1 0 _aOrtoli, Sven
_eauthor
245 0 0 _aElsa Dorlin : des rapports de pouvoir
260 _c2019.
500 _a27
690 _aDomination
690 _aHommes-Femmes
690 _aIntersectionnalité
690 _aPolitique
690 _aPouvoir
690 _aVie privée
786 0 _nPhilosophie magazine - Hors séries | Hors-série Autome-Hiver 2019 | HS43 | 2019-10-01 | p. 38-45 | 2104-9246
856 4 1 _uhttps://shs.cairn.info/magazine-philosophie-magazine-2019-9-12-page-38?lang=fr&redirect-ssocas=7080
999 _c1848656
_d1848656